Cena života /
Johan Wellson si přeje život věnovat vědě a je odhodlaný vzdát se radostí běžného člověka. Kupuje svůj kus půdy v Tennessee a pokračuje ve výzkumu. Okolnosti ve městě ho však přimějí přerušit vše, na čem už několik let pracuje, aby pomohl ženě v nesnázích. S podporou přátel z města vyráží na nebezpe...
Uloženo v:
| Hlavní autor: | |
|---|---|
| Médium: | E-kniha |
| Jazyk: | Czech |
| Vydáno: |
Praha :
Nakladatelství Solis s.r.o.,
2024
|
| Tagy: |
Žádné tagy |
| LEADER | 01579nam a22002297i 4500 | ||
|---|---|---|---|
| 001 | 312405 | ||
| 007 | ta | ||
| 008 | 260601s2024 xr ||||| |||| 00| 0 cze d | ||
| 020 | |a 9990004059337 | ||
| 044 | |a xr | ||
| 100 | 1 | |a Hrnčíř, Michal |4 aut | |
| 245 | 1 | 0 | |a Cena života / |c Hrnčíř, Michal |
| 264 | 1 | |a Praha : |b Nakladatelství Solis s.r.o., |c 2024 | |
| 300 | |a 1 online zdroj (379 stran) | ||
| 336 | |a text |b txt |2 rdacontent | ||
| 337 | |a bez média |b n |2 rdamedia | ||
| 338 | |a online zdroj |b cr |2 rdacarrier | ||
| 520 | 2 | |a Johan Wellson si přeje život věnovat vědě a je odhodlaný vzdát se radostí běžného člověka. Kupuje svůj kus půdy v Tennessee a pokračuje ve výzkumu. Okolnosti ve městě ho však přimějí přerušit vše, na čem už několik let pracuje, aby pomohl ženě v nesnázích. S podporou přátel z města vyráží na nebezpečnou a nevyzpytatelnou cestu za záchranou malého Lukea až do Mexika. Výprava všechny členy prověří i stmelí. Johan si uvědomí, že už není ten muž, který před lety opustil Evropu. Boj o životy blízkých i o svůj vlastní mu změní pohled na svět. | |
| 910 | |a RBIT002 | ||
| 998 | |d 405933 |a https://core.palmknihy.cz/api/books/405933/cover?secchm |b https://core.palmknihy.cz/api/books/405933/cover/400?secchm |c https://core.palmknihy.cz/api/books/405933/cover/50?secchm |e 2030-05-30 |g 379 |i 9990004059337 |j https://core.palmknihy.cz/api/books/405933/preview.epub |k https://core.palmknihy.cz/api/books/405933/preview.pdf |l |q 49 |r 1 |s https://www.palmknihy.cz/kniha/405933 |t ebook |y 2024 |z 1 | ||
| 999 | |d 312403 | ||